| 000 | 00594nam a2200217Ia 4500 | ||
|---|---|---|---|
| 003 | OSt | ||
| 005 | 20230421150626.0 | ||
| 008 | 210423s2008 xx 000 0 und d | ||
| 020 | _a9788181281470 | ||
| 040 | _cAL | ||
| 041 | _aeng | ||
| 082 |
_a515.35 _223 _bRENM |
||
| 100 |
_aRENARDLY (Michael);ROGERS (Robert C). _991616 |
||
| 245 | _aIntroduction to partial differential equations. | ||
| 250 | _a2 | ||
| 260 |
_aNew York _bSpringer Pvt Ltd _c2008 |
||
| 300 |
_axiv,434 _bPB |
||
| 365 |
_b350 _cINR |
||
| 906 | _adifferential ; equations. ; Introduction ; partial | ||
| 942 |
_2ddc _cBK |
||
| 999 |
_c160892 _d160892 |
||